000 00237nam a2200097Ia 4500
001 641737
005 20250826153513.0
008 250824s9999 xx 000 0 und d
245 0 _aAMBER İN ZAMAN KAPSÜLÜ
_cFİGEN GÜLÜ
260 _bTUDEM
999 _c641737
_d641737